000 00728nam a2200289Ia 4500
005 20260324114331.0
008 008 260324s9999 xx 000 0 eng d
020 _a9781003246695
037 _aEBOOK
040 _aCRL
040 _beng
040 _cCRL
041 _2eng
041 _aeng
084 _qCRL
100 _aHiroki Kusano; Hiro Katsumata
_91150363
245 0 _aNon-Western Nations and the Liberal International Order
245 0 _bResponding to the Backlash in the West
260 _bTaylor and Francis
260 _c2023
365 _a
365 _b220
856 _uhttp://www.taylorfrancis.com/books/9781003246695
942 _cEBOOK
999 _c1740485
_d1740485